THE SHORTEST HISTORY OF THE SOVIET UNION (Record no. 47953)

000 -LEADER
fixed length control field 00350nam a2200145Ia 4500
008 - FIXED-LENGTH DATA ELEMENTS--GENERAL INFORMATION
fixed length control field 250402s9999 xx 000 0 und d
020 ## - INTERNATIONAL STANDARD BOOK NUMBER
International Standard Book Number 9789390742707
082 ## - DEWEY DECIMAL CLASSIFICATION NUMBER
Classification number 947
Item number FIT-T
100 ## - MAIN ENTRY--PERSONAL NAME
Personal name FITZPATRICK SHEILA
245 #4 - TITLE STATEMENT
Title THE SHORTEST HISTORY OF THE SOVIET UNION
250 ## - EDITION STATEMENT
Edition statement 1
260 ## - PUBLICATION, DISTRIBUTION, ETC.
Name of publisher, distributor, etc. PIEADOR INDIA
Date of publication, distribution, etc. 2022
300 ## - PHYSICAL DESCRIPTION
Extent 248
942 ## - ADDED ENTRY ELEMENTS (KOHA)
Koha item type Reference Book
Holdings
Withdrawn status Lost status Damaged status Not for loan Collection code Permanent Location Current Location Shelving location Date acquired Full call number Barcode Date last seen Price effective from Koha item type
        School of Humanities (Noida) Maharishi School of Science & Humanities (Lucknow) Maharishi School of Science & Humanities (Lucknow) R67S4 2025-04-02 800 9222 2025-04-02 2025-04-02 Reference Book

All Rights Reserved@MUIT

Powered by Koha